Organizácia a riadenie japonských priemyselných firiem

Saved in:
Bibliographic Details
Main Author: Rudy, Ján
Format: Book
Language:Slovak
Published: Bratislava Alfa 1988
Edition:1. vyd.
Series:Edícia ekonomickej literatúry
Subjects:
Tags: Add Tag
No Tags, Be the first to tag this record!

MARC

LEADER 00000nam a2200000 4500
001 c037325
005 20221219091927.9
041 0 |a slo 
044 |a SK 
245 1 0 |a Organizácia a riadenie japonských priemyselných firiem  |c Ján Rudy 
250 |a 1. vyd. 
264 1 |a Bratislava  |b Alfa  |c 1988 
300 |a 200 s. 
490 1 |a Edícia ekonomickej literatúry 
830 0 |a Edícia ekonomickej literatúry 
610 2 0 |a riadenie podnikové 
610 2 0 |a organizácia výroby 
100 1 |a Rudy, Ján